Music Quiz

Random Music or Lyrics Quiz

Guess the post-hardcore lyrics Quiz Stats

 Plays Quiz not verified by Sporcle

Challenge
Share
Tweet
Embed
Score 0/22 Timer 10:00
0 Plays Today
Lyrics Song name % Correct
I can't beleive the drama that I'm in the flood is getting closer, I don't think they know that I know how to swimThe flood
48.9%
She said he's so sweet I wanna lick the wrapper Lollipop
45.1%
Come on baby keep it down honey hush your lipsNot the American average
40.8%
Darling don't lie to me now. Now I'm erasing you, throwing those memories outDarling
25.5%
A touch of poison seals my fateAmbrosia
20.1%
I'm so iconoclastic, I'm clastic! I only want you to think I'm fantastic Things that rhyme with orange
20.1%
I'm leaving the same way I came in looking forward but I can't see straightTo hell and back
18.5%
Caught here in a fiery blaze won't lose my will to stayBat country
14.7%
Fall to your knees accomplishing nothingDez moines
13%
How can this happen am I dreaming again her bodies not moving I'm assuming she's deadThe greatest story ever told
10.3%
You're heading south for the border this is the site of the murder this is the end Casanova rodeo
9.2%
Lyrics Song name % Correct
I don't care what your thinking I don't care what your seeing when everything is gone we'll still be begging for moreThis is why we can't have nice things
7.6%
I'm not a monster I'm just a sickness Blue morning
7.6%
I will break into your thoughts with what's written on my heartI'm so sick
7.6%
My eyes are glistening with the ghosts of my past the memories that we once hadThe undertakers thirst for revenge
6.5%
My hands shake coz today I know your gonna break my heartHere I stand
4.9%
Oh why do you try and pull me under trust me I am already dead I've been digging my own grave for too long nowNorth Atlantic vs north Carolina
3.8%
So I'll ignor the cracks in the ice and I'll raise my glassIn the night
2.7%
Hold your breath quiet now don't say a word you could run but it wouldn't do any goodHer portrait in black
2.2%
I've been out for so long days slipped by again and I can't sleep since I stopped caring Early grave
2.2%
Is this where we want to be in time when we were young things were easierLet it go
1.6%
Oh what have I done to you all of the lies we've been throughStart worryin' star warrian
1.1%

You're not logged in!

Compare scores with friends on all Sporcle quizzes.
OR
Log In

You Might Also Like...

Show Comments

Extras

Created Jun 8, 2010ReportNominate
Tags:Artist Quiz, Lyrics Quiz, foe

Top Quizzes Today


Score Distribution

Your Account Isn't Verified!

In order to create a playlist on Sporcle, you need to verify the email address you used during registration. Go to your Sporcle Settings to finish the process.

Report this User

Report this user for behavior that violates our Community Guidelines.

Details: